| 000 | 00580nam a2200217Ia 4500 | ||
|---|---|---|---|
| 003 | 0100 | ||
| 008 | 130307s9999 xx 000 0 und d | ||
| 020 | _a0252025504 | ||
| 040 | _cARRUPELIB | ||
| 050 | _aHQ767.3.D62 2000 | ||
| 100 | _aDombrowski, Daniel A | ||
| 245 | 2 | _aA brief, liberal, Catholic defense of abortion | |
| 260 | _aUrbana : | ||
| 260 | _bUniversity of Illinois Press | ||
| 260 | _cc2000. | ||
| 300 | _a158 p. cm. | ||
| 300 | _b28 cm. | ||
| 650 | _bTwentieth century encyclopedia of Catholicism--Indexes | ||
| 700 | _aDeltete, Robert John | ||
| 942 | 0 | 0 | _05 |
| 999 |
_c99580 _d99580 |
||